[Event "Plomari op 1st"]
[Site "Plomari"]
[Date "2019.07.21"]
[Round "5"]
[White "Gamback, Bjorn"]
[Black "Labrakopoulos, Alexandros"]
[Result "1-0"]
[WhiteElo "2156"]
[BlackElo "1622"]
[PlyCount "63"]
[EventDate "2019.07.18"]
[EventType "swiss"]
[EventRounds "9"]
[EventCountry "GRE"]
[SourceTitle "EXT 2020"]
[Source "ChessBase"]
[SourceDate "2019.10.17"]
[SourceVersion "1"]
[SourceVersionDate "2019.10.17"]
[SourceQuality "1"]

1. d4 Nf6 2. c4 g6 3. g3 c6 4. Bg2 d5 5. Nf3 Bg7 6. 0-0 0-0 7. Nc3 Ne4 8. cxd5 cxd5 9. Qb3 Nc6 10. e3 Nxc3 11. bxc3 Re8 12. Nd2 e6 13. a4 b6 14. Qb5 Bd7 15. Qe2 Rc8 16. c4 e5 17. cxd5 Nb4 18. Rb1 Na2 19. Ne4 Nxc1 20. Rfxc1 exd4 21. Nd6 Rxc1+ 22. Rxc1 Re7 23. e4 Qb8 24. Nb5 Re8 25. Qd2 Bxb5 26. axb5 Rc8 27. Rc6 Rxc6 28. bxc6 a5 29. f4 Qa7 30. d6 b5 31. c7 Qa6 32. d7 1-0